[Event "Florianopolis Autumn op"]
[Site "Florianopolis"]
[Date "2024.04.12"]
[Round "1"]
[White "Cordeiro, Marco Aurelio Zaror"]
[Black "Do Valle Cardoso, Lucas"]
[Result "1-0"]
[WhiteElo "2086"]
[BlackElo "2375"]
[PlyCount "90"]
[EventDate "2024.04.12"]
[EventType "swiss"]
[EventRounds "6"]
[EventCountry "BRA"]
[SourceTitle "CB18_2024"]
[SourceDate "2024.05.01"]
[SourceVersion "1"]
[SourceVersionDate "2024.05.01"]
[SourceQuality "2"]

1. e4 c5 2. Nf3 d6 3. d4 cxd4 4. Nxd4 Nf6 5. Nc3 a6 6. Bg5 Nbd7 7. f4 Qc7 8. Qf3 e6 9. 0-0-0 b5 10. Bd3 Bb7 11. Rhe1 b4 12. Nd5 exd5 13. exd5+ Kd8 14. Qe3 Qc5 15. Qe8+ Kc7 16. Qxf7 Qxd4 17. Be4 Qxe4 18. Rxe4 Nxe4 19. Rd4 Nec5 20. Rxb4 Bc8 21. Qe8 Bb7 22. Qf7 Rb8 23. Rc4 a5 24. a3 Ba6 25. Rc3 Bf1 26. f5 Bxg2 27. Bf4 Kc8 28. b4 axb4 29. axb4 Rxb4 30. Qe8+ Kc7 31. Rxc5+ Nxc5 32. Qc6+ Kb8 33. Bxd6+ Bxd6 34. Qxd6+ Ka7 35. Qxc5+ Rb6 36. Qa3+ Kb8 37. Qg3+ Ka8 38. Qa3+ Kb8 39. Qg3+ Ka8 40. Qxg7 Rc8 41. Qxg2 Rf6 42. Qg7 Kb8 43. Qd7 Rcf8 44. Qb5+ Ka7 45. Qd7+ Ka6 1-0

[Event "Titled Tuesday intern op 27th Feb Late"]
[Site "Chess.com INT"]
[Date "2024.02.27"]
[Round "11"]
[White "Mkrtchyan, Mikayel"]
[Black "Do Valle Cardoso, Lucas"]
[Result "1-0"]
[WhiteElo "2071"]
[BlackElo "2413"]
[PlyCount "69"]
[EventDate "2024.02.27"]
[EventType "swiss (blitz)"]
[EventRounds "11"]
[EventCountry "USA"]
[SourceTitle "CB10_2024"]
[SourceDate "2024.03.06"]
[SourceVersion "1"]
[SourceVersionDate "2024.03.06"]
[SourceQuality "1"]

1. d4 d5 2. Nf3 Nf6 3. g3 e6 4. Bg2 b5 5. 0-0 Bb7 6. a4 b4 7. c4 bxc3 8. bxc3 Be7 9. Ne5 Nbd7 10. c4 0-0 11. Nc3 c5 12. Nxd7 Qxd7 13. dxc5 Bxc5 14. cxd5 Nxd5 15. Nxd5 Bc6 16. Nf4 Qb7 17. Bxc6 Qxc6 18. Ba3 Bxa3 19. Rxa3 g6 20. Qc1 Qe4 21. Qe3 Qf5 22. Qd3 Qg4 23. Qf3 Qf5 24. Nd3 Qg5 25. Qf4 Qe7 26. Rb3 Rfd8 27. Rfb1 Rd7 28. Rb8+ Rxb8 29. Rxb8+ Kg7 30. Qe5+ f6 31. Qc5 Qf7 32. Rc8 e5 33. Qc4 Qe7 34. Rg8+ Kh6 35. Qh4# 1-0

[Event "Florianopolis op 10th"]
[Site "Florianopolis"]
[Date "2024.01.28"]
[Round "10"]
[White "Tari, Aryan"]
[Black "Do Valle Cardoso, Lucas"]
[Result "1/2-1/2"]
[WhiteElo "2623"]
[BlackElo "2392"]
[PlyCount "64"]
[EventDate "2024.01.20"]
[EventType "swiss"]
[EventRounds "10"]
[EventCountry "BRA"]
[SourceTitle "CB05_2024"]
[SourceDate "2024.01.31"]
[SourceVersion "1"]
[SourceVersionDate "2024.01.31"]
[SourceQuality "1"]

1. e4 e5 2. Nf3 Nc6 3. Bb5 Nf6 4. d3 Bc5 5. Bxc6 dxc6 6. h3 Nd7 7. Be3 Bd6 8. Nc3 c5 9. Nd2 Nb8 10. 0-0 Nc6 11. Ne2 0-0 12. Ng3 f6 13. a4 Be6 14. Nc4 Qd7 15. b3 Rad8 16. Qd2 Nd4 17. f3 Rf7 18. Nxd6 Qxd6 19. Rae1 b6 20. f4 exf4 21. Bxf4 Qc6 22. Kh1 f5 23. Be5 Rdf8 24. Nh5 fxe4 25. Rxf7 Rxf7 26. dxe4 h6 27. Bxg7 Rxg7 28. Qxh6 Nf5 29. Qf6 Ng3+ 30. Nxg3 Rxg3 31. Qd8+ Kg7 32. Rf1 Qd7 1/2-1/2

[Event "Florianopolis op 10th"]
[Site "Florianopolis"]
[Date "2024.01.24"]
[Round "6"]
[White "Filgueiras, Nathan Felipe"]
[Black "Do Valle Cardoso, Lucas"]
[Result "1/2-1/2"]
[WhiteElo "2321"]
[BlackElo "2392"]
[PlyCount "70"]
[EventDate "2024.01.20"]
[EventType "swiss"]
[EventRounds "10"]
[EventCountry "BRA"]
[SourceTitle "CB05_2024"]
[SourceDate "2024.01.31"]
[SourceVersion "1"]
[SourceVersionDate "2024.01.31"]
[SourceQuality "1"]

1. c4 e5 2. Nc3 Nf6 3. Nf3 Nc6 4. g3 d5 5. cxd5 Nxd5 6. Bg2 Nf6 7. b4 Bd6 8. b5 Nd4 9. 0-0 a6 10. Bb2 0-0 11. e3 Nxf3+ 12. Bxf3 Re8 13. Qc2 axb5 14. Nxb5 c6 15. Nxd6 Qxd6 16. Bg2 Be6 17. f4 Nd7 18. a4 f6 19. Be4 h6 20. Bh7+ Kh8 21. Bg6 Rec8 22. d4 exf4 23. Rxf4 c5 24. Qf2 cxd4 25. Rxd4 Qc5 26. Rad1 Qg5 27. Be4 Nc5 28. Bc2 Bb3 29. Bxb3 Nxb3 30. Rf4 Rd8 31. Qf3 Qg6 32. e4 Rxd1+ 33. Qxd1 Nc5 34. Qd5 Rc8 35. a5 Rc6 1/2-1/2

[Event "BRA-ch 89th"]
[Site "Recife"]
[Date "2023.12.19"]
[Round "9"]
[White "Pinheiro, Iung Alicio"]
[Black "Do Valle Cardoso, Lucas"]
[Result "0-1"]
[WhiteElo "2274"]
[BlackElo "2352"]
[PlyCount "48"]
[EventDate "2023.12.13"]
[EventType "swiss"]
[EventRounds "11"]
[EventCountry "BRA"]
[SourceTitle "CB52_2023"]
[SourceDate "2023.12.27"]
[SourceVersion "1"]
[SourceVersionDate "2023.12.27"]
[SourceQuality "1"]

1. d4 Nf6 2. Nf3 e6 3. e3 b6 4. Bd3 Bb7 5. c4 Be7 6. Nc3 d5 7. cxd5 exd5 8. 0-0 0-0 9. b3 Nbd7 10. Bb2 c5 11. Rc1 Rc8 12. Qe2 Re8 13. Rfd1 Bd6 14. Bf5 a6 15. Bxd7 Qxd7 16. Na4 Qd8 17. dxc5 bxc5 18. b4 cxb4 19. Bd4 Ne4 20. Qb2 Qa5 21. Nb6 Rxc1 22. Rxc1 Qb5 23. Qc2 a5 24. Na4 Rc8 0-1

[Event "BRA-ch 89th"]
[Site "Recife"]
[Date "2023.12.17"]
[Round "7"]
[White "Do Valle Cardoso, Lucas"]
[Black "Mekhitarian, Krikor Sevag"]
[Result "1-0"]
[WhiteElo "2352"]
[BlackElo "2559"]
[PlyCount "63"]
[EventDate "2023.12.13"]
[EventType "swiss"]
[EventRounds "11"]
[EventCountry "BRA"]
[SourceTitle "CB52_2023"]
[SourceDate "2023.12.27"]
[SourceVersion "1"]
[SourceVersionDate "2023.12.27"]
[SourceQuality "1"]

1. Nf3 d5 2. g3 c6 3. Bg2 Bg4 4. 0-0 Nd7 5. d4 e6 6. Nbd2 Ngf6 7. c4 Be7 8. b3 0-0 9. h3 Bf5 10. g4 Bg6 11. Nh4 Be4 12. Nhf3 h6 13. Nxe4 Nxe4 14. Bb2 f5 15. gxf5 Rxf5 16. Nd2 Nxd2 17. Qxd2 Bd6 18. e4 dxe4 19. Bxe4 Rf4 20. Bg2 Qh4 21. Rae1 Re8 22. Re3 Rf5 23. Re4 Rf4 24. Re3 Nf6 25. Qe2 Kf7 26. d5 cxd5 27. cxd5 Nxd5 28. Bxd5 exd5 29. Rxe8 Qxh3 30. Re3 Rg4+ 31. Rg3 h5 32. Qxg4 1-0

[Event "Buenos Aires Torre Blanca"]
[Site "Buenos Aires"]
[Date "2023.12.01"]
[Round "8"]
[White "Do Valle Cardoso, Lucas"]
[Black "Dubrovich, Igor"]
[Result "1-0"]
[WhiteElo "2352"]
[BlackElo "1982"]
[PlyCount "79"]
[EventDate "2023.11.25"]
[EventType "tourn"]
[EventRounds "9"]
[EventCountry "ARG"]
[EventCategory "1"]
[SourceTitle "CB49_2023"]
[SourceDate "2023.12.06"]
[SourceVersion "1"]
[SourceVersionDate "2023.12.06"]
[SourceQuality "1"]

1. Nf3 Nf6 2. c4 g6 3. Nc3 d5 4. cxd5 Nxd5 5. Qb3 Nxc3 6. Qxc3 f6 7. d4 Nc6 8. e3 Qd5 9. a3 Be6 10. Bd3 Qb3 11. e4 Qxc3+ 12. bxc3 Na5 13. Rb1 0-0-0 14. d5 Bd7 15. c4 c5 16. Bd2 b6 17. Bxa5 bxa5 18. e5 Bh6 19. h4 Bf4 20. g3 Bxe5 21. Nxe5 fxe5 22. h5 Kc7 23. Kd2 Rhf8 24. Ke3 Rf6 25. hxg6 hxg6 26. Be4 Bf5 27. Bxf5 Rxf5 28. Rh7 Re8 29. Rb5 e4 30. Rxc5+ Kd6 31. Rc6+ Kd7 32. Ra6 Rf3+ 33. Kxe4 Rxf2 34. c5 Re2+ 35. Kd3 Rg2 36. Rxa7+ Kd8 37. Ra8+ Kd7 38. c6+ Kd6 39. Rxe8 Rxg3+ 40. Kc4 1-0

[Event "Buenos Aires Torre Blanca"]
[Site "Buenos Aires"]
[Date "2023.11.28"]
[Round "5"]
[White "Do Valle Cardoso, Lucas"]
[Black "Diaz Hollemaert, Nahuel Carlos"]
[Result "1/2-1/2"]
[WhiteElo "2352"]
[BlackElo "2370"]
[PlyCount "101"]
[EventDate "2023.11.25"]
[EventType "tourn"]
[EventRounds "9"]
[EventCountry "ARG"]
[EventCategory "1"]
[SourceTitle "CB49_2023"]
[SourceDate "2023.12.06"]
[SourceVersion "1"]
[SourceVersionDate "2023.12.06"]
[SourceQuality "1"]

1. e4 b6 2. d4 Bb7 3. Nc3 e6 4. a3 g6 5. h4 h5 6. Bg5 Be7 7. Nh3 d6 8. Qd2 Nd7 9. 0-0-0 a6 10. Kb1 Ngf6 11. f3 Nh7 12. f4 Ndf6 13. f5 Nxe4 14. Nxe4 Bxe4 15. fxe6 Nxg5 16. Nxg5 Bxg5 17. exf7+ Kxf7 18. hxg5 Kg7 19. d5 Re8 20. Re1 Bf5 21. Qd4+ Kg8 22. Rxe8+ Qxe8 23. Bd3 Qd7 24. g4 Bxg4 25. Bxg6 Qg7 26. Qd3 Rf8 27. Bxh5 Bf5 28. Qd2 Be4 29. Rd1 Qe5 30. Bg4 Kg7 31. Ka1 Rf4 32. Be6 Rf3 33. c3 Rd3 34. Qe2 Rxd1+ 35. Qxd1 Kg6 36. Qf1 Kxg5 37. Qxa6 Bxd5 38. Bxd5 Qxd5 39. Qe2 Kf6 40. c4 Qe5 41. Qf3+ Ke7 42. Qc6 Kd8 43. Ka2 Qe3 44. Qa8+ Kd7 45. Qd5 Kc8 46. Qa8+ Kd7 47. a4 Qe1 48. Qd5 Kc8 49. Qa8+ Kd7 50. Qd5 Kc8 51. Qd2 1/2-1/2

[Event "Titled Tuesday intern op 08th Aug Late"]
[Site "Chess.com INT"]
[Date "2023.08.08"]
[Round "3"]
[White "Andreikin, Dmitry"]
[Black "Do Valle Cardoso, Lucas"]
[Result "1-0"]
[WhiteElo "2729"]
[BlackElo "2282"]
[PlyCount "51"]
[EventDate "2023.08.08"]
[EventType "swiss (blitz)"]
[EventRounds "11"]
[EventCountry "USA"]
[SourceTitle "EXT 2024"]
[Source "ChessBase"]
[SourceDate "2023.10.10"]
[SourceVersion "1"]
[SourceVersionDate "2023.10.10"]
[SourceQuality "1"]

1. d4 d5 2. c4 dxc4 3. e3 e5 4. Bxc4 exd4 5. exd4 Nf6 6. Nf3 Bd6 7. 0-0 0-0 8. Nc3 Nc6 9. h3 h6 10. Re1 a6 11. Qc2 Ne7 12. Ne5 b5 13. Bb3 Bf5 14. Qe2 c5 15. dxc5 Bxc5 16. Be3 Bd6 17. Rad1 Qc7 18. Bf4 Rad8 19. Nxf7 Rxf7 20. Rxd6 Rxd6 21. Bxd6 Qxd6 22. Qxe7 Qh2+ 23. Kxh2 Ng4+ 24. hxg4 Bxg4 25. Qxf7+ Kh8 26. Qg8# 1-0

[Event "Titled Tuesday intern op 08th Aug Late"]
[Site "Chess.com INT"]
[Date "2023.08.08"]
[Round "1"]
[White "Do Valle Cardoso, Lucas"]
[Black "Gabdushev, Ruslan"]
[Result "1-0"]
[WhiteElo "2282"]
[BlackElo "2256"]
[PlyCount "69"]
[EventDate "2023.08.08"]
[EventType "swiss (blitz)"]
[EventRounds "11"]
[EventCountry "USA"]
[SourceTitle "EXT 2024"]
[Source "ChessBase"]
[SourceDate "2023.10.10"]
[SourceVersion "1"]
[SourceVersionDate "2023.10.10"]
[SourceQuality "1"]

1. e4 c6 2. d4 g6 3. Nc3 Bg7 4. h3 b5 5. Be3 b4 6. Nce2 Nf6 7. f3 a5 8. Qd2 Ba6 9. h4 h5 10. Nh3 d6 11. Ng5 Nbd7 12. 0-0-0 Qb8 13. Kb1 Nb6 14. b3 Nbd7 15. Nf4 a4 16. Bxa6 Rxa6 17. Nd3 axb3 18. cxb3 Rb6 19. e5 Nd5 20. e6 fxe6 21. Nxe6 Bf6 22. Rc1 Kf7 23. Ndf4 Nc3+ 24. Ka1 Ra6 25. Rc2 Nb6 26. Qd3 Rxa2+ 27. Rxa2 Rg8 28. Ra5 c5 29. g4 Qa8 30. Rxa8 Rxa8+ 31. Kb2 Ra2+ 32. Kc1 Ra1+ 33. Kd2 Ra2+ 34. Ke1 Ra1+ 35. Kf2 1-0

[Event "Titled Tuesday intern op 08th Aug Late"]
[Site "Chess.com INT"]
[Date "2023.08.08"]
[Round "9"]
[White "Mendes, Aaron Reeve"]
[Black "Do Valle Cardoso, Lucas"]
[Result "0-1"]
[WhiteElo "2079"]
[BlackElo "2282"]
[PlyCount "62"]
[EventDate "2023.08.08"]
[EventType "swiss (blitz)"]
[EventRounds "11"]
[EventCountry "USA"]
[SourceTitle "EXT 2024"]
[Source "ChessBase"]
[SourceDate "2023.10.10"]
[SourceVersion "1"]
[SourceVersionDate "2023.10.10"]
[SourceQuality "1"]

1. e4 e5 2. Nf3 Nc6 3. d4 exd4 4. Nxd4 Nf6 5. Nxc6 bxc6 6. Nd2 d5 7. exd5 cxd5 8. Bb5+ Bd7 9. Bxd7+ Qxd7 10. 0-0 Be7 11. Re1 0-0 12. b3 Bc5 13. Bb2 Ng4 14. Rf1 Rfe8 15. h3 Nh6 16. Nf3 Nf5 17. Qd2 Ng3 18. Qg5 Ne2+ 19. Kh1 f6 20. Bxf6 h6 21. Qg6 Nf4 22. Qg3 Nh5 23. Qh4 Nxf6 24. Rad1 Re4 25. g4 Rae8 26. Qg3 Bd6 27. Qg2 c6 28. Nh4 Nxg4 29. Rg1 Nxf2+ 30. Qxf2 Qxh3+ 31. Qh2 Qxh2# 0-1